000 00652nam a2200229Ia 4500
003 OSt
005 20220924125800.0
006 a|||||r|||| 00| 0
007 ta
008 220923b |||||||| |||| 00| 0 per d
024 _a331354
037 _cTextual
040 _aARTS
_cARTS
_bper
041 _2per
_aper
082 _aV45.D, 164L1.1
100 _aMashkoor Mohammad Jawad Au.
_9198925
245 0 _aPartehaya pehalwan qadeem
260 _aTehran
_bIntasharat danishrai Iran
_c1971
650 _aIRAN - HISTORY
942 _hV45.D, 164L1.1
_cTEXL
_2CC
999 _c423375
_d423375